| 000 | 00540cam a2200181 a 4500 | ||
|---|---|---|---|
| 001 | 4922167 | ||
| 005 | 20240130010411.0 | ||
| 008 | 950309s1994 ii b 001 0 eng | ||
| 020 | _a8170131294 : | ||
| 040 |
_aDLC _cDLC _dDLC |
||
| 082 |
_222 _a305.8 _bETH. |
||
| 100 | 2 | _aWiswa Warnapala, W. A. | |
| 245 | 1 | 0 |
_aEthnic strife and politics in Sri Lanka : _ban investigation into demands and responses / _cW.A. Wiswa Warnapala. |
| 260 |
_aNew Delhi : _bNavrang, _c1994. |
||
| 300 | _aiv, 252 p. ; | ||
| 650 | 0 | _aTamil (Indic people) | |
| 942 | _cL | ||
| 999 |
_c221 _d221 |
||